| 000 | 00753nam a22002417a 4500 | ||
|---|---|---|---|
| 003 | UA-OsUOA | ||
| 001 | 50255 | ||
| 007 | ta | ||
| 008 | 20140529b un ||||| |||| 00| 0 ukr d | ||
| 100 | _aЯковлів А. | ||
| 090 |
_a09.-050 _bЯ47 |
||
| 942 | _cSA | ||
| 040 |
_aUA-OsUOA _bukr _cUA-OsUOA _dUA-OsUOA |
||
| 245 | _aЗ історії регистрациі українських козаків в 1-й пол. XVI в. | ||
| 300 | _a265-279 с. | ||
| 955 | _a1 | ||
| 041 | _aukr | ||
| 080 | _a09.-050 | ||
| 773 | 0 | _tУкраїна, Т. І., январь, 1907 | |
| 650 | 7 |
_a0 Загальний відділ. _2UDC |
|
| 999 |
_c430383 _d430383 |
||